Endocannabinoidome : the world of endocannabinoids and related mediators /

The Endocannabinoidome: The World of Endocannabinoids and Related Mediators is dedicated to the latest research and studies on endocannabinoids and cannabinoid receptors to illustrate their important role in the discovery of new, endocannabinoid-related, lipid mediators. Written by leading experts a...

Full description

Bibliographic Details
Main Authors: Di Marzo, Vicenzo (Author), Wang, Jenny (Author)
Corporate Author: ScienceDirect (Online service)
Format: eBook
Language:English
Published: London : Academic Press, an imprint of Elsevier, [2015]
Subjects:
Online Access:Connect to the full text of this electronic book

MARC

Tag First Indicator Second Indicator Subfields
LEADER 00000cam a2200000 i 4500
001 in00005756021
005 20260326210318.8
006 m o d
007 cr cnu---unuuu
008 140926s2015 enk o 000 0 eng d
040 |a N$T  |b eng  |e rda  |e pn  |c N$T  |d E7B  |d YDXCP  |d OPELS  |d OCLCF  |d UIU  |d EBLCP  |d DEBSZ  |d ITD  |d MERUC  |d OCLCQ  |d U3W  |d D6H  |d MNI  |d CEF  |d OCLCQ  |d U3G  |d LQU  |d DCT  |d OCLCQ  |d S2H  |d OCLCO  |d OCLCQ  |d OCLCO  |d OCLCL  |d SXB  |d OCLCQ  |d OCLCO  |d OCLCL 
019 |a 891447007  |a 1105197582  |a 1105560262 
020 |a 9780128004296  |q (electronic bk.) 
020 |a 0128004290  |q (electronic bk.) 
020 |z 9780124201262 
020 |z 0124201261 
035 |a (OCoLC)891370821  |z (OCoLC)891447007  |z (OCoLC)1105197582  |z (OCoLC)1105560262 
050 4 |a QP801.C27 
060 4 |a QV 126 
072 7 |a MED  |x 071000  |2 bisacsh 
082 0 4 |a 615.7827  |2 23 
049 |a TXAM 
100 1 |a Di Marzo, Vicenzo,  |e author. 
245 1 0 |a Endocannabinoidome :  |b the world of endocannabinoids and related mediators /  |c Vicenzo di Marzo, Jenny Wang. 
264 1 |a London :  |b Academic Press, an imprint of Elsevier,  |c [2015] 
264 4 |c ©2015 
300 |a 1 online resource 
336 |a text  |b txt  |2 rdacontent 
337 |a computer  |b c  |2 rdamedia 
338 |a online resource  |b cr  |2 rdacarrier 
500 |a Title from PDF title page (viewed on September 26, 2014). 
520 |a The Endocannabinoidome: The World of Endocannabinoids and Related Mediators is dedicated to the latest research and studies on endocannabinoids and cannabinoid receptors to illustrate their important role in the discovery of new, endocannabinoid-related, lipid mediators. Written by leading experts across different disciplines, this book focuses on the biochemical and anlayticial aspects of novel lipid signals, their pharmacological activities and their potential utilization for the development of new and effective therapeutic strategies. The first book of its kind, The Endocannabinoidome is a meaningful reference for all those involved in experimental efforts to further the development of this field. 
505 0 |a Cover; Title Page; Copyright Page; Dedications; Table of contents; Contributors; Preface; References; Acknowledgments; Chapter 1 -- Non-endocannabinoid N-Acylethanolamines and Monoacylglycerols: Old Molecules New Targets; 1.1 -- Introduction; 1.2 -- Formation and degradation of N-acylethanolamines; 1.3 -- Biological roles and drug targets of non-endocannabinoid N-acylethanolamines; 1.4 -- Formation and degradation of non-endocannabinoid 2-monoacylglycerols; 1.5 -- Biological roles and drug targets of non-endocannabinoid 2-monoacylglycerols; 1.6 -- Conclusion; Acknowledgment; References. 
505 8 |a Chapter 2 -- Omega-3 Polyunsaturated N-Acylethanolamines: A Link Between Diet and Cellular BiologyAbbreviations; 2.1 -- Introduction; 2.2 -- Modulation of the endocannabinoidome by dietary fatty acids -- biochemical aspects; 2.3 -- Effects of diet -- animal studies; 2.4 -- Effects of diet -- human data; 2.5 -- In vitro formation of n-3 fatty acid derived amides; 2.6 -- Biological effects of n-3 fatty acid derived NAEs and other amides; 2.6.1 -- Receptor Interaction; 2.6.2 -- Effects in Inflammation; 2.6.3 -- Effects on COX-2. 
505 8 |a 2.6.4 -- Potential Roles of DHEA and EPEA as Endogenous Mediators of Inflammation2.6.5 -- Effects in Tumor Cell Lines; 2.6.6 -- Role in Neuroprotection and Neurogenesis; 2.7 -- Conclusions and future perspectives; References; Chapter 3 -- N-Acyl Amides: Ubiquitous Endogenous Cannabimimetic Lipids That Are in the Right Place at the Right Time; 3.1 -- N-acyl amides: all in the family; 3.1.1 -- How do the Broader Family of N-Acyl Amides Relate to Phytocannabinoids?; 3.2 -- GPR18; 3.3 -- N-acyl amides/endogenous cannabinoids that activate TRP receptors; 3.3.1 -- Activators of other TRP channels. 
505 8 |a 3.3.2 -- Enzymes of the eCB System: A Common Link Between Cannabimimetic Endogenous Lipids3.3.3 -- Effects of N-Acyl Amides on Additional Cannabinoid-Activated Proteins; 3.3.3.1 -- CaV3; 3.3.3.2 -- VDAC1; 3.4 -- N-acyl amide/eCBs with not yet identified phytocannabinoid ligands; 3.5 -- Nowhere to go but up; References; Chapter 4 -- Oxidative Metabolites of Endocannabinoids Formed by Cyclooxygenase-2; 4.1 -- COX-2 metabolism of endocannabinoids; 4.2 -- Analysis of ECs and their COX-2 metabolites; 4.2.1 -- AEA and AG; 4.2.2 -- Lipoaminoacids; 4.2.3 -- Prostaglandin Glyceryl Ester (PG-G). 
505 8 |a 4.2.4 -- Prostaglandin Ethanolamides (PG-EAs or Prostamides)4.3 -- Tools to study PG-G and PG-EA functions; 4.4 -- Biological effects of PG-Gs and PG-EAs; 4.5 -- Perspective; References; Chapter 5 -- N-Acyldopamines and N-Acylserotonins: From Synthetic Pharmacological Tools to Endogenous Multitarget Mediators; 5.1 -- Introduction; 5.2 -- N-acyldopamines; 5.2.1 -- Synthesis, Discovery as Endogenous Mediators and Metabolic Pathways; 5.2.2 -- Molecular Targets; 5.2.2.1 -- TRPV1- and/or CB1-Mediated Actions; 5.2.2.2 -- Non-TRPV1-, non-CB1-Mediated Actions. 
505 8 |a 5.2.3 -- N-Acyldopamine Signaling: Conclusions. 
650 0 |a Cannabinoids. 
650 2 |a Cannabinoids 
650 6 |a Cannabinoïdes. 
650 7 |a MEDICAL  |x Pharmacology.  |2 bisacsh 
650 7 |a Cannabinoids  |2 fast 
655 7 |a Electronic books.  |2 local 
700 1 |a Wang, Jenny,  |e author.  |1 https://id.oclc.org/worldcat/entity/E39PCjr6XpKBWjHDRj6BtHDHyb 
710 2 |a ScienceDirect (Online service) 
758 |i has work:  |a Endocannabinoidome (Text)  |1 https://id.oclc.org/worldcat/entity/E39PCFPJDyB3WDmx6vgvjHbVvd  |4 https://id.oclc.org/worldcat/ontology/hasWork 
776 0 8 |i Print version:  |a Di Marzo, Vincenzo.  |t Endocannabinoidome : The World of Endocannabinoids and Related Mediators.  |d Burlington : Elsevier Science, ©2014  |z 9780124201262 
856 4 0 |u http://proxy.library.tamu.edu/login?url=https://www.sciencedirect.com/science/book/9780124201262  |z Connect to the full text of this electronic book  |t 0 
955 |a Elsevier ScienceDirect 2026-2027 
994 |a 92  |b TXA 
999 f f |i d278aaf3-07e2-45aa-856f-86b66066e284  |s 08a59ce5-d458-4ea7-b2c2-9d865f44e938  |t 0 
952 f f |a Texas A&M University  |b College Station  |c Electronic Resources  |s www_evans  |d Available Online  |t 0  |e QP801.C27   |h Library of Congress classification 
998 f f |a QP801.C27   |t 0  |l Available Online